[Event "Oberliga Ost-A 2223"]
[Site "Germany"]
[Date "2023.02.04"]
[Round "6.8"]
[White "Lauckner, Joerg"]
[Black "Melestean, Timur"]
[Result "1-0"]
[WhiteElo "2056"]
[BlackElo "1730"]
[PlyCount "49"]
[EventDate "2022.09.18"]
[EventType "team-tourn"]
[EventRounds "11"]
[EventCountry "GER"]
[SourceTitle "EXT 2025"]
[Source "ChessBase"]
[SourceDate "2024.10.14"]
[SourceVersion "1"]
[SourceVersionDate "2024.10.14"]
[SourceQuality "1"]
[WhiteTeam "Leipzig SG II"]
[BlackTeam "Plauen Koenig"]
[WhiteTeamCountry "GER"]
[BlackTeamCountry "GER"]

1. d4 d5 2. c4 c6 3. Nc3 Nf6 4. e3 a6 5. Nf3 Bg4 6. Qb3 Ra7 7. Ne5 Be6 8. e4 Nbd7 9. Nxd7 Qxd7 10. cxd5 cxd5 11. e5 Ne4 12. Nb5 Ra8 13. f3 Qd8 14. Na3 Qa5+ 15. Ke2 Rc8 16. fxe4 Bg4+ 17. Kf2 Rxc1 18. Rxc1 Qd2+ 19. Kg3 g5 20. Bb5+ axb5 21. Rhf1 Bd7 22. Nxb5 h5 23. h3 Bc6 24. exd5 Bd7 25. Nc7+ 1-0

[Event "Oberliga Ost-A 2223"]
[Site "Germany"]
[Date "2022.10.22"]
[Round "2.8"]
[White "Lauckner, Joerg"]
[Black "Polzin, Gustav"]
[Result "1-0"]
[WhiteElo "2049"]
[BlackElo "1828"]
[PlyCount "69"]
[EventDate "2022.09.18"]
[EventType "team-tourn"]
[EventRounds "11"]
[EventCountry "GER"]
[SourceTitle "EXT 2025"]
[Source "ChessBase"]
[SourceDate "2024.10.14"]
[SourceVersion "1"]
[SourceVersionDate "2024.10.14"]
[SourceQuality "1"]
[WhiteTeam "Leipzig SG II"]
[BlackTeam "Halle USV"]
[WhiteTeamCountry "GER"]
[BlackTeamCountry "GER"]

1. d4 Nf6 2. c4 g6 3. Nc3 Bg7 4. e4 d6 5. Nf3 0-0 6. Be2 e5 7. Be3 Nc6 8. d5 Ne7 9. Nd2 h6 10. c5 Nxe4 11. Ndxe4 f5 12. g4 fxe4 13. Nxe4 dxc5 14. Bxc5 Rf4 15. Nc3 b6 16. Be3 Rf8 17. Bf3 Bb7 18. Be4 Qd6 19. Qd2 Kh7 20. h4 Rad8 21. h5 Bxd5 22. Nxd5 Nxd5 23. Bxh6 Nf4 24. hxg6+ Kg8 25. Qxd6 Rxd6 26. Bxg7 Kxg7 27. Rh7+ Kf6 28. Rxc7 Rd4 29. f3 Rh8 30. Rh7 Rxh7 31. gxh7 Kg7 32. Rc1 Ng2+ 33. Kf2 Rd2+ 34. Kg3 Nf4 35. Rc7+ 1-0

[Event "Oberliga Ost-A 2223"]
[Site "Germany"]
[Date "2022.09.04"]
[Round "1.8"]
[White "Beyer, Wolfgang"]
[Black "Lauckner, Joerg"]
[Result "1/2-1/2"]
[WhiteElo "1949"]
[BlackElo "2049"]
[PlyCount "44"]
[EventDate "2022.09.18"]
[EventType "team-tourn"]
[EventRounds "11"]
[EventCountry "GER"]
[SourceTitle "EXT 2025"]
[Source "ChessBase"]
[SourceDate "2024.10.14"]
[SourceVersion "1"]
[SourceVersionDate "2024.10.14"]
[SourceQuality "1"]
[WhiteTeam "Reichenbrand Eiche"]
[BlackTeam "Leipzig SG II"]
[WhiteTeamCountry "GER"]
[BlackTeamCountry "GER"]

1. d4 d5 2. Bf4 Nf6 3. e3 c5 4. c3 e6 5. Nf3 Bd6 6. Bg3 Qc7 7. Nbd2 Nbd7 8. Be2 0-0 9. 0-0 Bxg3 10. hxg3 e5 11. dxe5 Nxe5 12. Nxe5 Qxe5 13. Nf3 Qe7 14. Qc2 Bg4 15. Rfe1 Rfd8 16. Rad1 Rac8 17. Qa4 b6 18. Qf4 Qe4 19. Kf1 h6 20. Qxe4 dxe4 21. Ne5 Bxe2+ 22. Kxe2 Kf8 1/2-1/2

[Event "GER-ch Seniors 50 31st"]
[Site "Radebeul"]
[Date "2019.05.03"]
[Round "8"]
[White "Lauckner, Joerg"]
[Black "Wulff, Jens Peter"]
[Result "1-0"]
[WhiteElo "1975"]
[BlackElo "1809"]
[PlyCount "73"]
[EventDate "2019.04.26"]
[EventType "swiss"]
[EventRounds "9"]
[EventCountry "GER"]
[SourceTitle "CBM 190 Extra"]
[Source "ChessBase"]
[SourceDate "2019.07.15"]
[SourceVersion "1"]
[SourceVersionDate "2019.07.15"]
[SourceQuality "1"]

1. d4 c6 2. c4 d6 3. Nc3 g6 4. e4 Bg7 5. Nf3 Nh6 6. Be2 f6 7. h3 Na6 8. Be3 Nf7 9. Qa4 Bd7 10. c5 Nc7 11. Qb3 b5 12. d5 a5 13. dxc6 Be6 14. Nd5 Bxd5 15. exd5 a4 16. Qd3 0-0 17. Rd1 Ne5 18. Nxe5 fxe5 19. Bg4 b4 20. Bd7 Rb8 21. Bg5 Ne8 22. h4 Nf6 23. cxd6 exd6 24. h5 e4 25. Qg3 gxh5 26. Qxd6 Qa5 27. 0-0 Nxd7 28. Qxd7 Rfe8 29. Be7 Kh8 30. c7 Rbc8 31. d6 e3 32. Qxe8+ Rxe8 33. d7 Rg8 34. d8Q e2 35. Qxg8+ Kxg8 36. c8Q+ Kf7 37. Qc4+ 1-0

[Event "GER-ch Seniors 50 31st"]
[Site "Radebeul"]
[Date "2019.04.29"]
[Round "4"]
[White "Lauckner, Joerg"]
[Black "Dehn, Marcus"]
[Result "1/2-1/2"]
[WhiteElo "1975"]
[BlackElo "2110"]
[PlyCount "76"]
[EventDate "2019.04.26"]
[EventType "swiss"]
[EventRounds "9"]
[EventCountry "GER"]
[SourceTitle "CBM 190 Extra"]
[Source "ChessBase"]
[SourceDate "2019.07.15"]
[SourceVersion "1"]
[SourceVersionDate "2019.07.15"]
[SourceQuality "1"]

1. d4 Nf6 2. c4 e6 3. Nc3 Bb4 4. Qc2 b6 5. e3 Bb7 6. Nge2 0-0 7. a3 Be7 8. f3 d5 9. cxd5 exd5 10. Ng3 Re8 11. Bd3 c5 12. Nf5 Bf8 13. dxc5 bxc5 14. 0-0 Nbd7 15. e4 c4 16. Be2 Bc5+ 17. Kh1 d4 18. b4 d3 19. Bxd3 cxd3 20. Qxd3 Bf8 21. Rd1 Qb8 22. Bg5 a5 23. b5 Nc5 24. Qe3 Nfd7 25. Bf4 Ne5 26. Nd5 Ncd7 27. Nde7+ Bxe7 28. Rxd7 Bf8 29. Rad1 Qc8 30. Bxe5 Rxe5 31. Qb6 Rb8 32. Rc7 Qe6 33. Qa7 Re8 34. Rxb7 Bc5 35. Qa6 Qxf5 36. Qxa5 Qf4 37. Qc7 h6 38. a4 Qf6 1/2-1/2